000 00787cam a2200193 4500
001 WS117824
008 020503n 000 0 eng u
035 _a(Sirsi) u117824
110 _aSurveyors and Valuers Accreditation
_94232
245 _aSAVA : Surveyors and Valuers Accreditation
520 _aWeb site for this independent standard setting body for property practitioners who are members of RICS. Includes details of the SAVA benchmark standards and a searchable database of SAVA accredited surveyors.
650 _aBENCHMARKING
650 _aORGANISATION
650 _aACCREDITATION
650 _aSTANDARDS
690 _aPROPERTY-PROPERTY APPRAISAL AND VALUATION
856 4 0 _uhttps://www.sava.org.uk
_zView the website free of charge at www.sava.org.uk...
942 _n0
999 _c120026
_d120026